|
|
|
|
| LEADER |
00000nam a2200000 4500 |
| 001 |
vtls011973401 |
| 003 |
SK-MaSNL |
| 005 |
20260301190113.0 |
| 008 |
251112s1714 gw 0 0n0 ger |
| 015 |
|
|
|a SNBHFA1714
|
| 040 |
|
|
|a SNKHF
|b slo
|c SNKHF
|e rda
|
| 041 |
0 |
|
|a ger
|
| 044 |
|
|
|a gw
|c DE
|
| 072 |
|
7 |
|a 2-1
|x Prirodzená teológia. Náboženská filozofia
|2 konspekt
|
| 072 |
|
7 |
|a 27-9
|x Dejiny kresťanskej cirkvi
|2 konspekt
|
| 080 |
|
|
|a 2-1
|2 2011
|
| 080 |
|
|
|a 27-9
|2 2011
|
| 100 |
1 |
|
|a Reinhard, Johannes
|4 aut
|9 564913
|
| 245 |
1 |
0 |
|a Johann. Reinharden, Der Heil. Schrifft Doctoris,Fürstlichen Sächsischen Consistor. Assess und Svperintendentis zu Hildburghausen Theologisches Tugend-Systema,
|b worinnen Die Christlichen Tugenden in der Ordnung, welche die Zehen Gebot Gottes an die Hand geben, nacheinander schriftmäßig beschrieben, die Beschreibungen gründlich erkläret und bestätiget, auch darauff die uns zu deren Beobachtung antreibende wichtige Ursachen umständig angeführet werden; samt einer kurtzen Anleitung, was vor eine Tugend auf einem iedweden Sonn- und Fest-Tag in Betrachtung des ordentlichen Evangelii könne Jahr nach einander in der Amts-Predigt einer Christlichen Gemeinde vorgetragen, oder zu Hauß gelesen werden; Nebst zweyen nöthigen Registern
|
| 246 |
3 |
0 |
|a Theologisches Tugend-Systema,
|b worinnen Die Christlichen Tugenden in der Ordnung, welche die Zehen Gebot Gottes an die Hand geben, nacheinander schriftmäßig beschrieben, die Beschreibungen gründlich erkläret und bestätiget, auch darauff die uns zu deren Beobachtung antreibende wichtige Ursachen umständig angeführet werden; samt einer kurtzen Anleitung, was vor eine Tugend auf einem iedweden Sonn- und Fest-Tag in Betrachtung des ordentlichen Evangelii könne Jahr nach einander in der Amts-Predigt einer Christlichen Gemeinde vorgetragen, oder zu Hauß gelesen werden; Nebst zweyen nöthigen Registern
|
| 264 |
|
3 |
|a Jena
|b Bey Johann Felix Bielcken
|c 1714
|
| 300 |
|
|
|a 12 nečíslovaných strán, 1012 strán, 28 nečíslovaných strán
|c 21 cm
|
| 336 |
|
|
|a text
|b txt
|2 rdacontent
|
| 337 |
|
|
|a bez média
|b n
|2 rdamedia
|
| 338 |
|
|
|a zväzok
|b nc
|2 rdacarrier
|
| 500 |
|
|
|a Ilustrovaný predtitulný list, vinety, linky, iniciály na 2,3,7 a 10 riadkov, živé záhlavie, kustody, zložky
|
| 504 |
|
|
|a Register
|
| 546 |
|
|
|a Nemčina
|b Fraktúra
|
| 561 |
|
|
|a Z knižnice Učenej spoločnosti malohontskej
|5 SNK IC 145219
|
| 561 |
|
|
|a Na titulnom liste rukopisný provenienčný záznam: Steph. Pekar? 1804.
|5 SNK IC 145219
|
| 562 |
|
|
|a Defekt: poškodený ilustrovaný predtitulný list, chýba dolná časť a ľavý horný roh ilustrovaného listu, chýba pravý roh prvého listu hlavného textu diela.
|5 SNK IC 145219
|
| 563 |
|
|
|a Väzba: pôvodná, tmavohnedá koža.
|5 SNK IC 145219
|
| 650 |
0 |
7 |
|a teológia
|2 SNKPH
|9 1814
|
| 650 |
0 |
7 |
|a náboženská filozofia
|2 SNKPH
|9 3774
|
| 650 |
0 |
7 |
|a cirkevné dejiny
|2 SNKPH
|9 3909
|
| 700 |
1 |
|
|a Bielcke, Johann Felix
|4 pbl
|9 433300
|
| 710 |
2 |
|
|a Učená spoločnosť malohontská
|4 fmo
|9 205374
|
| 710 |
1 |
|
|a Bielcke, Johann Felix (Jena, Nemecko),
|d 1706-1745
|4 pbl
|9 344785
|
| 752 |
|
|
|a Nemecko
|d Jena
|
| 852 |
|
|
|a snk
|b Historické fondy
|p IC 145219
|
| 958 |
|
|
|a DD
|
| 958 |
|
|
|a ONDV
|
| 999 |
|
|
|c 866366
|d 868296
|
| 952 |
|
|
|t MHC 1761
|a SNK
|b SNK
|c SNK_HF
|y PREZ
|7 0
|p 17A1395462
|o snkIC 145219
|i snk2020/10182
|8 5
|0 0
|1 0
|4 0
|d 2020-06-11
|l 0
|r 2026-02-24 05:27:25
|w 2026-02-24
|